Environment and cultural behavior : (Record no. 20105)

MARC details
000 -CABECERA
campo de control de longitud fija 00761nam a2200229 4500
003 - IDENTIFICADOR DEL NÚMERO DE CONTROL
campo de control OSt
005 - FECHA Y HORA DE LA ÚLTIMA TRANSACCIÓN
campo de control 20260601171002.0
008 - DATOS DE LONGITUD FIJA--INFORMACIÓN GENERAL
campo de control de longitud fija 260420b1969\\\\enk\||||\||||\00|\0\eng\d
020 ## - NÚMERO INTERNACIONAL ESTÁNDAR DEL LIBRO
Número Internacional Estándar del Libro 029272019x
040 ## - FUENTE DE LA CATALOGACIÓN
Centro catalogador/agencia de origen ICI
Lengua de catalogación spa
Centro/agencia transcriptor ICI
050 ## - SIGNATURA TOPOGRÁFICA DE LA BIBLIOTECA DEL CONGRESO
Número de clasificación GF51
Número de documento/Ítem V39
100 #1 - ENTRADA PRINCIPAL--NOMBRE DE PERSONA
Nombre de persona Vayda, Andrew Peter,
9 (RLIN) 31551
245 #1 - MENCIÓN DE TÍTULO
Título Environment and cultural behavior :
Resto del título Ecological studies in cultural anthropology.
264 ## - PRODUCCIÓN, PUBLICACIÓN, DISTRIBUCIÓN, FABRICACIÓN Y COPYRIGHT
Nombre del de productor, editor, distribuidor, fabricante University of Texas Press,
Fecha de producción, publicación, distribución, fabricación o copyright 1969
Producción, publicación, distribución, fabricación y copyright Austin :
300 ## - DESCRIPCIÓN FÍSICA
Extensión 485 páginas
Dimensiones 21 cm.
336 ## - TIPO DE CONTENIDO
Término de tipo de contenido texto
Fuente rdacontent
337 ## - TIPO DE MEDIO
Nombre/término del tipo de medio sin medio
Fuente rdamedia
338 ## - TIPO DE SOPORTE
Nombre/término del tipo de soporte volumen
Fuente rdacarrier
490 ## - MENCIÓN DE SERIE
Mención de serie Texas press sourcebooks in anthropology ;
Designación de volumen o secuencia 8
650 ## - PUNTO DE ACCESO ADICIONAL DE MATERIA--TÉRMINO DE MATERIA
Término de materia o nombre geográfico como elemento de entrada Seres humanos
Subdivisión de forma Discursos, ensayos, conferencias
Subdivisión general Efectos ambientales
9 (RLIN) 31552
942 ## - ELEMENTOS DE PUNTO DE ACCESO ADICIONAL (KOHA)
Fuente del sistema de clasificación o colocación Library of Congress Classification
Tipo de ítem Koha Libros

No items available.